000 00764cam a2200217 4500
001 WB3735-10
008 010919n2001 000 0 eng u
035 _a(Sirsi) u114644
245 _aWeakening rental growth
260 _c2001
490 _aRetail Week
_v 14 September 2001, 29(1)
520 _aRental growth forecast for all property sectors is downgraded in a GVA Grimley survey in response to an uncertain economic outlook. Average growth rate is now predicted to be 2.7% per annum in contrast to the predicted 3.7% at the start of the year.
590 _aWB
650 _aGVA GRIMLEY
650 _aRENTAL GROWTH
650 _aRETAIL PROPERTY
650 _aRETAIL RENTS
650 _aPROPERTY SECTOR
690 _aECONOMIC ISSUES
942 _n0
999 _c68306
_d68306